Visualizzazione normale
Vista MARC
- Ardigò A., Donati P., Catelli G.P., Pellicciari G
di Personal Name
Records bibliografici associati: 1
001 - CONTROL NUMBER
- control field: 63307
003 - CONTROL NUMBER IDENTIFIER
- control field:
005 - DATE AND TIME OF LATEST TRANSACTION
- control field: 20260202114739.0
008 - FIXED-LENGTH DATA ELEMENTS
- fixed length control field: 260202|| aca||aabn | a|a d
040 ## - CATALOGING SOURCE
- Original cataloging agency:
- Transcribing agency:
100 ## - HEADING--PERSONAL NAME
- Personal name: Ardigò A., Donati P., Catelli G.P., Pellicciari G
670 ## - SOURCE DATA FOUND
- Source citation: Work cat.: ()210263: Ardigò Achille, Donati Pierpaolo (a cura di) 63306, Famiglia e industrializzazione, 1976